I'll Call You Mine - Girl In Red Lyrics - Statistics

General Stats
  • This quiz has been taken 33 times
  • The average score is 191 of 225
Answer Stats
% Correct
Break
100%
call
100%
down
100%
I
100%
I'll
100%
me
100%
mine
100%
mine,
100%
you
100%
a
95%
And
95%
and
95%
in
90%
go
85%
Hands
85%
know
85%
the
85%
around
80%
back
80%
been
80%
driving
80%
fast
80%
I've
80%
not
80%
on
80%
On
80%
so
80%
So
80%
when
80%
window
80%
going
75%
Laughing
75%
loud
75%
my
75%
out
75%
seat
75%
Show
75%
We're
75%
you're
75%
care
70%
gonna
70%
really
70%
Sitting
70%
stay
70%
Summer
70%
that
70%
That
70%
to
70%
worst
70%
days
65%
green
65%
it
65%
leave
65%
like
65%
Like
65%
never
65%
Taking
65%
taking
65%
too
65%
body
60%
daydream
60%
good
60%
hill
60%
I'm
60%
It's
60%
last
60%
Rainy
60%
you'll
60%
bad
55%
Coming
55%
don't
55%
Hold
55%
way
55%
for
50%
insane
50%
Living
50%
look
50%
lost
45%
luck
40%
No matching quizzes found
Score Distribution
Percent of People with Each Score
Percentile by Number Answered
Your Score History
You have not taken this quiz